00818nam a22002417a 450000500170000001000110001702000100002803500110003803700160004904000120006508200130007710000290009024500640011926000420018327000230022530000250024850000500027365000320032365000470035594200220040299900190042495201330044320170124110113.0 a183232 c00.00 a183232 bCen Lib/Ret aDPLbEN a959bLAN aLancaster, Donald929512 aThe emancipation of French Indochina /cby Donald Lancaster bOxford University Pressc1961aLondon aAmen HousebLondon axii,445p. c21cm(Hb) aIncludes bibliographical references and index aIndochina -- History929513 aPolítica internacional -- Francia929514 2ddccENh959mLAN c130564d130564 00104070aLbLd2015-07-09eCen Lib/Retg0.00l1m1o959 LANp183232r2017-07-29 00:00:00s2017-07-15t1v0.00w2015-07-09yEN